000 00562nam a2200181Ia 4500
008 100920s9999 xx 000 0 und d
082 _b63404
_a61 थ 60
100 _aकर्वे इरावती.
245 _aभोंवरा.
260 _bदेशमुख आणि कंपनी ,पुणे.
_c1960
300 _a184
_bसाधी
365 _b5
520 _aस्थानिक वाचन.
630 _aभोंवरा.
650 _aस्थानिक वाचन.
730 _aभोंवरा.
942 _cBOOK
999 _c706484
_d706481